|
|
|
|
| LEADER |
01004nam a2200349 4500 |
| 001 |
DLU060055820 |
| 005 |
##19951127102533.9 |
| 008 |
##950825s1995 si a b 001 0 eng d |
| 010 |
# |
# |
|a 95203935
|
| 020 |
# |
# |
|a 9810222009
|
| 035 |
# |
# |
|9 (DLC) 95203935
|
| 035 |
# |
# |
|a (OCoLC)33037982
|
| 040 |
# |
# |
|a NcRS
|c NcRS
|d DLC
|
| 042 |
# |
# |
|a lccopycat
|
| 082 |
# |
# |
|a 530.155
|b MU-M
|
| 100 |
# |
# |
|a Muraskin, Murray.
|
| 245 |
# |
# |
|a Mathematical aesthetic principles/nonintegrable systems /
|c Murray Muraskin.
|
| 260 |
# |
# |
|a Singapore ;
|a River Edge, NJ :
|b World Scientific,
|c c1995.
|
| 300 |
# |
# |
|a xiii, 215 p. :
|b ill. ;
|c 23 cm.
|
| 504 |
# |
# |
|a Includes bibliographical references and index.
|
| 650 |
# |
# |
|a Differential equations, Nonlinear.
|
| 650 |
# |
# |
|a Mathematical physics.
|
| 923 |
# |
# |
|a 26/2006
|
| 992 |
# |
# |
|a 9200
|
| 994 |
# |
# |
|a DLU
|
| 900 |
# |
# |
|a True
|
| 911 |
# |
# |
|a Thái Thị Thanh Thủy
|
| 925 |
# |
# |
|a G
|
| 926 |
# |
# |
|a A
|
| 927 |
# |
# |
|a SH
|
| 980 |
# |
# |
|a Thư viện Trường Đại học Đà Lạt
|